いろいろなシーエー - Statistics

General Stats
  • This quiz has been taken 13 times
    11 since last reset
  • The average score is 5 of 12
Answer Stats
Hint Answer % Correct
Ca カルシウム
82%
Suika スイカ。ウリの仲間
73%
Suica 東日本旅客鉄道・東京臨海高速鉄道のIC乗車カード
73%
CA キャビンアテンダント
64%
CI-CA 奈良交通のicカード
45%
NECiCA タイトーのアーケードゲーム専用認証カード
36%
Ika イカ。十腕形類
36%
USMCA 米国・メキシコ・カナダ協定
18%
MegoICa 弘南バスなどで使えるICカード。メゴイカ
18%
Umaca JRA-UMACA
18%
ICA 国際協同組合同盟/シンガポール入国管理局
9%
ですか 高知県内各社
9%
No matching quizzes found
Score Distribution
Percent of People with Each Score
Percentile by Number Answered
Your Score History
You have not taken this quiz since the last reset